000 00737nam a2200241Ia 4500
003 OSt
005 20220928131151.0
006 a|||||r|||| 00| 0
007 ta
008 220927b |||||||| |||| 00| 0 eng d
024 _a51200
037 _cTextual
040 _aSDCL
_cSDCL
_beng
041 _2eng
_aeng
082 _aR3xN29, P1
100 _aHabermas Jurgen
_9371208
245 0 _aOn the Pragmatics of social Interaction
_b Preliminary Studies in the Theory of Communicative Action .
260 _aOxford
_bPolity
_c2001
300 _axxiv,192p.
_ccm.
700 _a Fultner Barbara Tr.
_9477276
942 _hR3xN29, P1
_cTEXL
_2CC
999 _c789762
_d789762